000 00734nam a2200205Ia 4500
003 GCL
008 140319s9999 xx 000 0 ara d
040 _aGCL /
_cGCL
082 0 4 _a090
_bى م
100 1 _aاسماعيل سراج الدين
245 1 0 _aمختارات من نوادر مقتنيات مكتبة الاسكندرية ( المجموعة الاولى ) /
_cاسماعيل سراج الدين
700 1 _aيوسف زيدان
260 _aالقاهرة :
_bمكتبة الاسكندرية ،
_c2003
300 _a90 ص ؛
_c30 سم
650 0 4 _aالمخطوطات العربية
650 0 4 _aالمخطوطات
650 0 4 _aكتب التراث
650 0 4 _aالكتب النادرة
942 _2ddc
_cBK
999 _c50484
_d50484